<?xml version="1.0" encoding="UTF-8"?>
<record
    xmlns:xsi="http://www.w3.org/2001/XMLSchema-instance"
    xsi:schemaLocation="http://www.loc.gov/MARC21/slim http://www.loc.gov/standards/marcxml/schema/MARC21slim.xsd"
    xmlns="http://www.loc.gov/MARC21/slim">

  <leader>03620nam a2200553Ia 4500</leader>
  <controlfield tag="001">4870</controlfield>
  <controlfield tag="008">241029s9999    xx            000 0 und d</controlfield>
  <datafield tag="010" ind1=" " ind2=" ">
    <subfield code="a">4603</subfield>
  </datafield>
  <datafield tag="041" ind1=" " ind2=" ">
    <subfield code="a">Espa&#xF1;ol</subfield>
  </datafield>
  <datafield tag="082" ind1=" " ind2=" ">
    <subfield code="a">NO APLICA</subfield>
  </datafield>
  <datafield tag="245" ind1=" " ind2="0">
    <subfield code="a">Factores que impactan en el proceso de ense&#xF1;anza-aprendizaje de las matem&#xE1;ticas en los estudiantes de educaci&#xF3;n media. Liceo Uni&#xF3;n Panamericana del Distrito Educativo 15-03. Santo Domingo, D. N., Sector Miraflores. A&#xF1;o escolar 2013-2014</subfield>
  </datafield>
  <datafield tag="260" ind1=" " ind2=" ">
    <subfield code="a">Distrito Nacional</subfield>
  </datafield>
  <datafield tag="300" ind1=" " ind2=" ">
    <subfield code="a">90</subfield>
  </datafield>
  <datafield tag="520" ind1=" " ind2=" ">
    <subfield code="a">51</subfield>
  </datafield>
  <datafield tag="630" ind1=" " ind2=" ">
    <subfield code="a">Ense&#xF1;anza-Aprendizaje</subfield>
  </datafield>
  <datafield tag="630" ind1=" " ind2=" ">
    <subfield code="a">Factores</subfield>
  </datafield>
  <datafield tag="630" ind1=" " ind2=" ">
    <subfield code="a">Matem&#xE1;tica</subfield>
  </datafield>
  <datafield tag="650" ind1=" " ind2=" ">
    <subfield code="a">Matem&#xE1;tica</subfield>
  </datafield>
  <datafield tag="690" ind1=" " ind2=" ">
    <subfield code="a">Copiado sin cambios</subfield>
  </datafield>
  <datafield tag="700" ind1=" " ind2=" ">
    <subfield code="e">asesor</subfield>
    <subfield code="a">Ossers, Alfredo</subfield>
  </datafield>
  <datafield tag="700" ind1=" " ind2=" ">
    <subfield code="e">autor</subfield>
    <subfield code="a">Uribe D&#xED;az, Luis Humberto</subfield>
  </datafield>
  <datafield tag="700" ind1=" " ind2=" ">
    <subfield code="e">autor</subfield>
    <subfield code="a">S&#xE1;nchez D&#xED;az, Antonia</subfield>
  </datafield>
  <datafield tag="901" ind1=" " ind2=" ">
    <subfield code="a">{"1":"Uribe D&#xED;az","2":"S&#xE1;nchez D&#xED;az"}</subfield>
    <subfield code="b">{"1":"Luis Humberto","2":"Antonia"}</subfield>
  </datafield>
  <datafield tag="902" ind1=" " ind2=" ">
    <subfield code="a">1</subfield>
  </datafield>
  <datafield tag="903" ind1=" " ind2=" ">
    <subfield code="a">{"1":"Ossers"}</subfield>
    <subfield code="b">{"1":"Alfredo"}</subfield>
  </datafield>
  <datafield tag="904" ind1=" " ind2=" ">
    <subfield code="a">Mag&#xED;ster en</subfield>
  </datafield>
  <datafield tag="905" ind1=" " ind2=" ">
    <subfield code="a">Educaci&#xF3;n Superior</subfield>
  </datafield>
  <datafield tag="906" ind1=" " ind2=" ">
    <subfield code="a">1</subfield>
  </datafield>
  <datafield tag="907" ind1=" " ind2=" ">
    <subfield code="a">Menci&#xF3;n en</subfield>
  </datafield>
  <datafield tag="908" ind1=" " ind2=" ">
    <subfield code="a">Gesti&#xF3;n de Centros Educativos</subfield>
  </datafield>
  <datafield tag="909" ind1=" " ind2=" ">
    <subfield code="a">Universidad Nacional Evang&#xE9;lica (UNEV), Recinto Santo Domingo</subfield>
  </datafield>
  <datafield tag="910" ind1=" " ind2=" ">
    <subfield code="a">NULL</subfield>
    <subfield code="b">NULL</subfield>
  </datafield>
  <datafield tag="911" ind1=" " ind2=" ">
    <subfield code="a">["1"]</subfield>
  </datafield>
  <datafield tag="912" ind1=" " ind2=" ">
    <subfield code="a">NO APLICA</subfield>
  </datafield>
  <datafield tag="913" ind1=" " ind2=" ">
    <subfield code="a">NULL</subfield>
  </datafield>
  <datafield tag="914" ind1=" " ind2=" ">
    <subfield code="a">01 de Diciembre de 2015</subfield>
  </datafield>
  <datafield tag="915" ind1=" " ind2=" ">
    <subfield code="a">15/12/16 01:12</subfield>
  </datafield>
  <datafield tag="916" ind1=" " ind2=" ">
    <subfield code="a">NULL</subfield>
  </datafield>
  <datafield tag="917" ind1=" " ind2=" ">
    <subfield code="a">NULL</subfield>
  </datafield>
  <datafield tag="918" ind1=" " ind2=" ">
    <subfield code="a">NO APLICA</subfield>
  </datafield>
  <datafield tag="919" ind1=" " ind2=" ">
    <subfield code="a">["89","243","135"]</subfield>
  </datafield>
  <datafield tag="520" ind1=" " ind2=" ">
    <subfield code="a">Investigar en esta &#xE1;rea del conocimiento surge como producto de la inquietud, que durante mucho tiempo y duro combate se ha tenido que librar para sacar angustias, frustraci&#xF3;n, miedo, apat&#xED;a, y por qu&#xE9; no decirlo, hasta odio por las matem&#xE1;ticas contra&#xED;do por dicentes y tambi&#xE9;n por docentes, sobre todo lo que tenga que ver con la asignatura.El presente estudio fue realizado para determinar los factores que inciden en la deficiencia de la matem&#xE1;tica de los estudiantes del cuarto nivel del liceo Uni&#xF3;n Panamericana en el per&#xED;odo escolar 2013-2014.Al igual que en muchos centros educativos del pa&#xED;s, en el Liceo Uni&#xF3;n Panamericana, los porcentajes de reprobaci&#xF3;n en la asignatura de matem&#xE1;tica son altos, sobre todo en el cuarto grado del nivel medio de modalidad general.Las acciones realizadas para tratar de disminuir los porcentajes de las incidencias de esta deficiencia van desde el rol del docente en la construcci&#xF3;n de estrategias metodol&#xF3;gicas aplicables a la realidad de los dicentes como: reforzamiento, asesor&#xED;as y tutor&#xED;as para alumnos con bajo rendimiento acad&#xE9;mico en la signatura; sin embargo, falta la motivaci&#xF3;n de parte del alumno y su desinter&#xE9;s para dedicar horas de estudio a la materia, lleva a resultados no esperados.Con el objetivo de tener preciso los factores de reprobaci&#xF3;n en el Centro Educativo, se inici&#xF3; el siguiente estudio en donde el informe tratar&#xE1; de dar alguna respuesta a este problema de car&#xE1;cter general en nuestro pa&#xED;s; adem&#xE1;s, pretende hacer un llamado de auxilio, emitido a diario, por un abultado n&#xFA;mero de estudiantes de cuarto grado de media que est&#xE1;n sufriendo los rigores de la educaci&#xF3;n matem&#xE1;tica que actualmente reciben.Para nadie es un secreto que el cuarto grado de media com&#xFA;n, muestra cifras realmente alarmantes en cuanto al n&#xFA;mero de reprobados en &#xE9;sta asignatura. Situaci&#xF3;n que trae graves consecuencias acad&#xE9;micas y econ&#xF3;micas para el centro educativo, para el ministerio de educaci&#xF3;n y el pa&#xED;s.</subfield>
  </datafield>
  <datafield tag="921" ind1=" " ind2=" ">
    <subfield code="a">50</subfield>
  </datafield>
  <datafield tag="922" ind1=" " ind2=" ">
    <subfield code="a">50</subfield>
  </datafield>
  <datafield tag="923" ind1=" " ind2=" ">
    <subfield code="a">0</subfield>
  </datafield>
  <datafield tag="924" ind1=" " ind2=" ">
    <subfield code="a">NO APLICA</subfield>
  </datafield>
  <datafield tag="942" ind1=" " ind2=" ">
    <subfield code="c">Tesis</subfield>
  </datafield>
  <datafield tag="999" ind1=" " ind2=" ">
    <subfield code="c">4603</subfield>
    <subfield code="d">4603</subfield>
  </datafield>
</record>
